Consumer behaviour : (Record no. 17229)

MARC details
000 -LEADER
fixed length control field 00633nam a22002057a 4500
003 - CONTROL NUMBER IDENTIFIER
control field MUT
005 - DATE AND TIME OF LATEST TRANSACTION
control field 20240606081412.0
008 - FIXED-LENGTH DATA ELEMENTS--GENERAL INFORMATION
fixed length control field 180625b xxu||||| |||| 00| 0 eng d
020 ## - INTERNATIONAL STANDARD BOOK NUMBER
International Standard Book Number 9780131740402
040 ## - CATALOGING SOURCE
Transcribing agency MUT
050 ## - LIBRARY OF CONGRESS CALL NUMBER
Classification number HF 5415.32
Item number .S64 2008
100 ## - MAIN ENTRY--PERSONAL NAME
Personal name Solomon, Michael R.
245 ## - TITLE STATEMENT
Title Consumer behaviour :
Remainder of title buying, having, and being /
250 ## - EDITION STATEMENT
Edition statement 4rth Canadian ed.
260 ## - PUBLICATION, DISTRIBUTION, ETC.
Place of publication, distribution, etc. Toronto
Name of publisher, distributor, etc. Pearson
Date of publication, distribution, etc. c2008
650 ## - SUBJECT ADDED ENTRY--TOPICAL TERM
Topical term or geographic name entry element Consumer behaviour
Form subdivision Textbooks.
700 ## - ADDED ENTRY--PERSONAL NAME
Personal name Zaichkowsky, Judith Lynne.
700 ## - ADDED ENTRY--PERSONAL NAME
Personal name Polegato, Rosemary.
942 ## - ADDED ENTRY ELEMENTS (KOHA)
Source of classification or shelving scheme Library of Congress Classification
Koha item type Books
Holdings
Withdrawn status Lost status Source of classification or shelving scheme Damaged status Not for loan Home library Current library Shelving location Date acquired Source of acquisition Total checkouts Full call number Barcode Date last seen Price effective from Koha item type
    Library of Congress Classification     Murang'a University of Technology Library Murang'a University of Technology Library General stacks 25/06/2018 Donation from-DTC   HF 5415.32 .S64 2008 022418 30/08/2024 25/06/2018 Books
    Library of Congress Classification     Murang'a University of Technology Library Murang'a University of Technology Library General stacks 12/07/2018 Donation from-TFC   HF 5415.32 .S64 2008 022994 30/08/2024 12/07/2018 Books
    Library of Congress Classification     Murang'a University of Technology Library Murang'a University of Technology Library General stacks 02/11/2018 Donation -TFC   HF 5415.32 .S64 2008 023885 30/08/2024 02/11/2018 Books
    Library of Congress Classification     Murang'a University of Technology Library Murang'a University of Technology Library General stacks 01/07/2019 Donation-TFC   HF 5415.32 .S64 2008 026656 30/08/2024 01/07/2019 Books